ბათუმის შოთა რუსთაველის სახელმწიფო უნივერსიტეტის ბიბლიოთეკა

სამშენებლო საქმის საფუძვლები სპეციალური ნაგებობებით : (ბიბ.ჩანაწერი № 39640)

000 -ლიდერი
ფიქსირებული სიგრძის საკონტროლო ველი 01134nam a2200241Ia 4500
001 - საკონტროლო ნომერი
საკონტროლო ველი 6240
003 - საკონტროლო ნომრის იდენტიფიკატორი
საკონტროლო ველი GE_BSU
005 - ბოლო ოპერაციის თარიღი და დრო
საკონტროლო ველი 20190617154011.0
008 - ფიქსირებული სიგრძის მონაცემთა ელემენტები - ზოგადი ინფორმაცია
ფიქსირებული სიგრძის საკონტროლო ველი 181216s1964||||ge |||||||||||||| ||geo||
040 ## - კატალოგიზაციის წყარო
Transcribing agency GE_BSU
041 ## - ენის კოდი
Language code of text/sound track or separate title geo
080 ## - უნივერსალური ათობითი კლასიფიკაციის ინდექსი
Universal Decimal Classification number 69(075.8) თ-93
100 ## - მთავარი ჩანაწერი - პიროვნების სახელი
Personal name თუხარელი, ნ.
9 (RLIN) 303
245 ## - ცნობა სათაურის შესახებ
Title სამშენებლო საქმის საფუძვლები სპეციალური ნაგებობებით :
Remainder of title დამხმ. სახელმძღვ. /
Statement of responsibility, etc ნ. თუხარელი, დ. კვაჭაძე ; რედ. ჩ. გურგენიძე
264 ## - წარმოების, გამოცემის, დისტრიბუციის და სხვა ცნობები
გამოცემის, წარმოების, დისტრიბუციის... ადგილი თბილისი :
გამოცემის, წარმოების, დისტრიბუციის... სახელწოდება ცოდნა,
გამოცემის, წარმოების, დისტრიბუციის... თარიღი 1964.
300 ## - ფიზიკური აღწერა
Extent 154 გვ. :
Other physical details ილ. ;
Dimensions 27 სმ.
504 ## - BIBLIOGRAPHY, ETC. NOTE
Bibliography, etc ბიბლიოგრ. : გვ.153.
653 ## - INDEX TERM--UNCONTROLLED
Uncontrolled term სამშენებლო საქმის საფუძვლები
653 ## - INDEX TERM--UNCONTROLLED
Uncontrolled term სამშენებლო საქმე
700 ## - ADDED ENTRY--PERSONAL NAME
Personal name კვაჭაძე, დ.
Relator term ავტორი
9 (RLIN) 516
700 ## - ADDED ENTRY--PERSONAL NAME
Personal name გურგენიძე, ჩ.
Relator term რედაქტორი
9 (RLIN) 2527
942 ## - ADDED ENTRY ELEMENTS (KOHA)
Koha item type წიგნი
Source of classification or shelving scheme
ეგზემპლარები
ჩამოწერის სტატუსი დაკარგული ეგზემპლარის სტატუსი კლასიფიკაციის წყარო ან თაროზე გაწყობის სქემა დაზიანების სტატუსი არ გაიცემა მუდმივი მდებარეობა (დაცვის ადგილი) ამჟამინდელი ადგილსამყოფელი თაროზე განთავსების ადგილი შეძენის თარიღი ღირებულება, შესყიდვის ნორმალური ფასი სრული შენახვის შიფრი შტრიხკოდი ბოლო ოპერაციის თარიღი ეგზემპლარის მიმდევრობითი ნომერი (კეტერი?) ფასის ძალაში შესვლის თარიღი ეგზემპლარის სახეობა საჯარო შენიშვნა
          ტექნოლოგიური ფაკულტეტის ბიბლიოთეკა ტექნოლოგიური ფაკულტეტის ბიბლიოთეკა წიგნსაცავი 2018-12-17 1.24 69(075.8) თ-93 12285 2018-12-17 12285 2018-12-17 წიგნი 1.24 ლ.
          ტექნოლოგიური ფაკულტეტის ბიბლიოთეკა ტექნოლოგიური ფაკულტეტის ბიბლიოთეკა წიგნსაცავი 2018-12-17 1.24 69(075.8) თ-93 12286 2018-12-17 12286 2018-12-17 წიგნი 1.24 ლ.
          ტექნოლოგიური ფაკულტეტის ბიბლიოთეკა ტექნოლოგიური ფაკულტეტის ბიბლიოთეკა წიგნსაცავი 2018-12-17 1.24 69(075.8) თ-93 12287 2018-12-17 12287 2018-12-17 წიგნი 1.24 ლ.